000 00285nam a2200097Ia 4500
001 795297
005 20250826170725.0
008 250824s9999 xx 000 0 und d
245 0 _aTANRI NIN SAVAŞÇILARI SELAHADDİN EYYUBİ VE KRAL RICHARD
_cJAMES RESTON,JR.
260 _bPANAMA YAYINLARI
999 _c795297
_d795297